<?xml version="1.0" encoding="UTF-8"?>
<record
    xmlns:xsi="http://www.w3.org/2001/XMLSchema-instance"
    xsi:schemaLocation="http://www.loc.gov/MARC21/slim http://www.loc.gov/standards/marcxml/schema/MARC21slim.xsd"
    xmlns="http://www.loc.gov/MARC21/slim">

  <leader>03850cam a2200457 i 4500</leader>
  <controlfield tag="001">901104701</controlfield>
  <controlfield tag="003">OCoLC</controlfield>
  <controlfield tag="005">20180819112826.0</controlfield>
  <controlfield tag="008">150127t20162016paua     b    001 0 eng  </controlfield>
  <datafield tag="010" ind1=" " ind2=" ">
    <subfield code="a">2015003583</subfield>
  </datafield>
  <datafield tag="020" ind1=" " ind2=" ">
    <subfield code="a">9780803640290</subfield>
    <subfield code="q">hardback</subfield>
  </datafield>
  <datafield tag="020" ind1=" " ind2=" ">
    <subfield code="a">0803640293</subfield>
    <subfield code="q">hardback</subfield>
  </datafield>
  <datafield tag="020" ind1=" " ind2=" ">
    <subfield code="z">9780803642089</subfield>
    <subfield code="q">electronic bk</subfield>
  </datafield>
  <datafield tag="020" ind1=" " ind2=" ">
    <subfield code="z">0803642083</subfield>
    <subfield code="q">electronic bk</subfield>
  </datafield>
  <datafield tag="020" ind1=" " ind2=" ">
    <subfield code="z">9781118333105</subfield>
    <subfield code="q">electronic bk</subfield>
  </datafield>
  <datafield tag="020" ind1=" " ind2=" ">
    <subfield code="z">1118333101</subfield>
    <subfield code="q">electronic bk</subfield>
  </datafield>
  <datafield tag="035" ind1=" " ind2=" ">
    <subfield code="a">.b38647394</subfield>
  </datafield>
  <datafield tag="035" ind1=" " ind2=" ">
    <subfield code="a">(OCoLC)901104701</subfield>
    <subfield code="z">(OCoLC)882271971</subfield>
  </datafield>
  <datafield tag="040" ind1=" " ind2=" ">
    <subfield code="a">DNLM/DLC</subfield>
    <subfield code="b">eng</subfield>
    <subfield code="e">rda</subfield>
    <subfield code="c">DLC</subfield>
    <subfield code="d">NLM</subfield>
    <subfield code="d">SDB</subfield>
    <subfield code="d">OCLCO</subfield>
    <subfield code="d">YDXCP</subfield>
    <subfield code="d">OCLCF</subfield>
    <subfield code="d">MMU</subfield>
  </datafield>
  <datafield tag="042" ind1=" " ind2=" ">
    <subfield code="a">pcc</subfield>
  </datafield>
  <datafield tag="050" ind1="1" ind2="0">
    <subfield code="a">RM301</subfield>
    <subfield code="b">.C515 2016</subfield>
  </datafield>
  <datafield tag="060" ind1="0" ind2="0">
    <subfield code="a">2015 E-865</subfield>
  </datafield>
  <datafield tag="060" ind1="1" ind2="0">
    <subfield code="a">WB 330</subfield>
    <subfield code="b">C568p 2016</subfield>
  </datafield>
  <datafield tag="082" ind1="0" ind2="0">
    <subfield code="a">615.1</subfield>
    <subfield code="2">23</subfield>
    <subfield code="b">CCP</subfield>
  </datafield>
  <datafield tag="100" ind1="1" ind2=" ">
    <subfield code="a">Ciccone, Charles D.,</subfield>
    <subfield code="d">1953-</subfield>
    <subfield code="e">author</subfield>
    <subfield code="9">64377</subfield>
  </datafield>
  <datafield tag="245" ind1="1" ind2="0">
    <subfield code="a">Pharmacology in rehabilitation /</subfield>
    <subfield code="c">Charles D. Ciccone, PT, Phd, FAPTA, Professor, Department of Physical Therapy, School of Health Sciences and Human Performance, Ithaca College, Ithaca, New York</subfield>
  </datafield>
  <datafield tag="250" ind1=" " ind2=" ">
    <subfield code="a">Fifth edition</subfield>
  </datafield>
  <datafield tag="300" ind1=" " ind2=" ">
    <subfield code="a">xxvii, 706 pages :</subfield>
    <subfield code="b">illustrations (some color) ;</subfield>
    <subfield code="c">26 cm</subfield>
  </datafield>
  <datafield tag="490" ind1="1" ind2=" ">
    <subfield code="a">Contemporary perspectives in rehabilitation</subfield>
  </datafield>
  <datafield tag="504" ind1=" " ind2=" ">
    <subfield code="a">Includes bibliographical references and index</subfield>
  </datafield>
  <datafield tag="505" ind1="0" ind2=" ">
    <subfield code="a">Section 1. General principles of pharmacology -- Basic principles of pharmacology -- Pharmacokinetics I: drug administration, absorption, and distribution -- Pharmacokinetics II: drug elimination -- Drug receptors -- Section 2. Pharmacology of the central nervous system -- General principles of central nervous system -- Pharmacology -- Sedative-hypnotic and antianxiety drugs -- Drugs to treat affective disorders: depression and bipolar syndrome -- Antipsychotic drugs -- Antiepileptic drugs -- Pharmacological management of Parkinson disease -- General anesthetics -- Local anesthetics -- Section 3. Drugs affecting skeletal muscle -- Skeletal muscle relaxants -- Section 4. Drugs used to treat pain and inflammation -- Opioid analgesics -- Nonsteroidal anti-inflammatory drugs -- Pharmacological management of rheumatoid arthritis and osteoarthritis -- Patient-controlled analgesia -- Section 5. Autonomic and cardiovascular pharmacology -- Introduction to autonomic pharmacology -- Cholinergic drugs -- Adrenergic drugs -- Antihypertensive drugs -- Treatment of angina pectoris -- Treatment of cardiac arrhythmias -- Treatment of congestive heart failure -- Treatment of coagulation disorders and hyperlipidemia -- Section 6. Respiratory and gastrointestinal pharmacology -- Respiratory drugs -- Gastrointestinal drugs -- Section 7. Endocrine pharmacology -- Introduction to endocrine pharmacology -- Adrenocorticosteroids -- Male and female hormones -- Thyroid and parathyroid drugs: agents affecting bone mineralization -- Pancreatic hormones and the treatment of diabetes mellitus -- Section 8. Chemotherapy of infectious and neoplastic diseases -- Treatment of infections I: antibacterial drugs -- Treatment of infections II: antiviral drugs -- Treatment of infections III: antifungal and antiparasitic drugs -- Cancer chemotherapy -- Immunomodulating agents -- Complementary and alternative medications -- Appendix A: drugs administered by iontophoresis and phonophoresis -- Appendix B : drugs of Abuse -- Appendix C : answers to case study questions</subfield>
  </datafield>
  <datafield tag="650" ind1=" " ind2="0">
    <subfield code="a">Pharmacology</subfield>
    <subfield code="9">64378</subfield>
  </datafield>
  <datafield tag="650" ind1=" " ind2="0">
    <subfield code="a">Medical rehabilitation</subfield>
    <subfield code="9">64379</subfield>
  </datafield>
  <datafield tag="650" ind1="1" ind2="2">
    <subfield code="a">Drug Therapy</subfield>
    <subfield code="9">64380</subfield>
  </datafield>
  <datafield tag="650" ind1="2" ind2="2">
    <subfield code="a">Pharmacokinetics</subfield>
    <subfield code="9">19073</subfield>
  </datafield>
  <datafield tag="650" ind1="2" ind2="2">
    <subfield code="a">Pharmacological Phenomena</subfield>
    <subfield code="9">11503</subfield>
  </datafield>
  <datafield tag="650" ind1="2" ind2="2">
    <subfield code="a">Rehabilitation</subfield>
    <subfield code="9">64381</subfield>
  </datafield>
  <datafield tag="776" ind1="0" ind2="8">
    <subfield code="i">Online version:</subfield>
    <subfield code="a">Ciccone, Charles D., 1953-</subfield>
    <subfield code="t">Pharmacology in rehabilitation.</subfield>
    <subfield code="b">Fifth edition.</subfield>
    <subfield code="d">Philadelphia, PA : F.A. Davis Company, [2016]</subfield>
    <subfield code="w">(OCoLC)907255727</subfield>
  </datafield>
  <datafield tag="830" ind1=" " ind2="0">
    <subfield code="a">Contemporary perspectives in rehabilitation (Series)</subfield>
    <subfield code="9">64382</subfield>
  </datafield>
  <datafield tag="942" ind1=" " ind2=" ">
    <subfield code="2">ddc</subfield>
    <subfield code="c">BOOK</subfield>
  </datafield>
  <datafield tag="999" ind1=" " ind2=" ">
    <subfield code="c">42641</subfield>
    <subfield code="d">312261</subfield>
  </datafield>
  <datafield tag="952" ind1=" " ind2=" ">
    <subfield code="1">0</subfield>
    <subfield code="2">2018-08-19</subfield>
    <subfield code="4">0</subfield>
    <subfield code="7">0</subfield>
    <subfield code="a">615.1 CCP</subfield>
    <subfield code="d">2018-08-19</subfield>
    <subfield code="h">CL</subfield>
    <subfield code="i">00657395</subfield>
    <subfield code="m">CL</subfield>
    <subfield code="r">2018-08-19 00:00:00</subfield>
    <subfield code="t">BOOK</subfield>
    <subfield code="w">ddc</subfield>
    <subfield code="y">0</subfield>
  </datafield>
  <datafield tag="952" ind1=" " ind2=" ">
    <subfield code="1">0</subfield>
    <subfield code="2">2018-08-19</subfield>
    <subfield code="4">0</subfield>
    <subfield code="7">0</subfield>
    <subfield code="a">615.1 CCP</subfield>
    <subfield code="d">2018-08-19</subfield>
    <subfield code="h">CL</subfield>
    <subfield code="i">00657396</subfield>
    <subfield code="m">CL</subfield>
    <subfield code="r">2018-08-19 00:00:00</subfield>
    <subfield code="t">BOOK</subfield>
    <subfield code="w">ddc</subfield>
    <subfield code="y">0</subfield>
  </datafield>
  <datafield tag="952" ind1=" " ind2=" ">
    <subfield code="1">0</subfield>
    <subfield code="2">2018-08-19</subfield>
    <subfield code="4">0</subfield>
    <subfield code="7">0</subfield>
    <subfield code="a">615.1 CCP</subfield>
    <subfield code="d">2018-08-19</subfield>
    <subfield code="h">CL</subfield>
    <subfield code="i">00657397</subfield>
    <subfield code="m">CL</subfield>
    <subfield code="r">2018-08-19 00:00:00</subfield>
    <subfield code="t">BOOK</subfield>
    <subfield code="w">ddc</subfield>
    <subfield code="y">0</subfield>
  </datafield>
  <datafield tag="952" ind1=" " ind2=" ">
    <subfield code="1">0</subfield>
    <subfield code="2">2018-09-04</subfield>
    <subfield code="4">0</subfield>
    <subfield code="7">0</subfield>
    <subfield code="a">615.1 CCP</subfield>
    <subfield code="d">2018-09-04</subfield>
    <subfield code="h">AMF</subfield>
    <subfield code="i">00657815</subfield>
    <subfield code="m">AMF</subfield>
    <subfield code="r">2018-09-04 00:00:00</subfield>
    <subfield code="t">BOOK</subfield>
    <subfield code="w">ddc</subfield>
    <subfield code="y">0</subfield>
  </datafield>
  <datafield tag="952" ind1=" " ind2=" ">
    <subfield code="1">0</subfield>
    <subfield code="2">2018-09-04</subfield>
    <subfield code="4">0</subfield>
    <subfield code="7">0</subfield>
    <subfield code="a">615.1 CCP</subfield>
    <subfield code="d">2018-09-04</subfield>
    <subfield code="h">AMF</subfield>
    <subfield code="i">00657816</subfield>
    <subfield code="m">AMF</subfield>
    <subfield code="r">2018-09-04 00:00:00</subfield>
    <subfield code="t">BOOK</subfield>
    <subfield code="w">ddc</subfield>
    <subfield code="y">0</subfield>
  </datafield>
</record>
